Cristóbal de Villalpando (Record no. 590)

MARC details
000 -CABECERA
campo de control de longitud fija 01037nam a2200253 a 4500
001 - NÚMERO DE CONTROL
campo de control BRCA_684
005 - FECHA Y HORA DE LA ÚLTIMA TRANSACCIÓN
campo de control 20190320203115.0
008 - DATOS DE LONGITUD FIJA--INFORMACIÓN GENERAL
campo de control de longitud fija 980211s1997 mx-a---##b---#000-0#spa-#
020 ## - NÚMERO INTERNACIONAL ESTÁNDAR DEL LIBRO
Número Internacional Estándar del Libro 9687009551
040 ## - FUENTE DE LA CATALOGACIÓN
Centro catalogador/agencia de origen DLC
Centro/agencia transcriptor DLC
Centro/agencia modificador DLC
050 #4 - SIGNATURA TOPOGRÁFICA DE LA BIBLIOTECA DEL CONGRESO
Número de clasificación ND259.V5
Número de documento/Ítem .C75 1997
245 10 - MENCIÓN DE TÍTULO
Título Cristóbal de Villalpando
Resto del título ca. 1649-1714 : catálogo razonado
Mención de responsabilidad, etc. Juana Gutiérrez Haces ... [et al.].
260 ## - PUBLICACIÓN, DISTRIBUCIÓN, ETC.
Lugar de publicación, distribución, etc. México
Nombre del editor, distribuidor, etc. UNAM, Instituto de Investigaciones Estéticas : Fomento Cultural BANAMEX : CONACULTA
Fecha de publicación, distribución, etc. 1997
300 ## - DESCRIPCIÓN FÍSICA
Extensión 444 p.
Otras características físicas il. (algunas a color)
Dimensiones 32 cm.
500 ## - NOTA GENERAL
Nota general Catálogo de la exposición realizada en el Palacio de Iturbide (Ciudad de México), 1997
500 ## - NOTA GENERAL
Nota general Incluye catálogo razonado
504 ## - NOTA DE BIBLIOGRAFÍA, ETC.
Nota de bibliografía, etc. Bibliografía: p. 431-438
600 14 - PUNTO DE ACCESO ADICIONAL DE MATERIA--NOMBRE DE PERSONA
Nombre de persona Villalpando, Cristóbal de
Fechas asociadas al nombre ca. 1649-1714
Subdivisión de forma Catálogos
9 (RLIN) 2252
600 14 - PUNTO DE ACCESO ADICIONAL DE MATERIA--NOMBRE DE PERSONA
Nombre de persona Jesucristo
Subdivisión general Arte
9 (RLIN) 2253
600 14 - PUNTO DE ACCESO ADICIONAL DE MATERIA--NOMBRE DE PERSONA
Nombre de persona Virgen María en el arte
Subdivisión de forma Catálogos
Subdivisión general Arte
9 (RLIN) 2254
700 1# - PUNTO DE ACCESO ADICIONAL--NOMBRE DE PERSONA
Nombre de persona Villalpando, Cristóbal de
Fechas asociadas al nombre ca. 1649-1714
9 (RLIN) 2255
700 1# - PUNTO DE ACCESO ADICIONAL--NOMBRE DE PERSONA
Nombre de persona Gutiérrez Haces, Juana
9 (RLIN) 2256
942 ## - ELEMENTOS DE PUNTO DE ACCESO ADICIONAL (KOHA)
Fuente del sistema de clasificación o colocación Library of Congress Classification
Tipo de ítem Koha Libros
Holdings
Estado de retiro Estado de pérdida Estado dañado No para préstamo Localización permanente Ubicación/localización actual Fecha de adquisición Total de préstamos Signatura topográfica completa Código de barras Fecha visto por última vez Precio válido a partir de Tipo de ítem Koha
El ejemplar forma parte de la colección y puede ser consultado según las políticas vigentes.       Biblioteca del Museo Franz Mayer (Rogerio Casas-Alatriste) Biblioteca del Museo Franz Mayer (Rogerio Casas-Alatriste) 25/06/2008   ND259.V5 .C75 1997 01074 22/03/2019 22/03/2019 Libros